[Event "Werden op"]
[Site "Essen"]
[Date "2005.06.10"]
[Round "4"]
[White "Niermann, Ralf"]
[Black "Kalkhoff, Andreas"]
[Result "0-1"]
[WhiteElo "1689"]
[BlackElo "1802"]
[PlyCount "106"]
[EventDate "2005.05.20"]
[EventType "swiss"]
[EventRounds "7"]
[EventCountry "GER"]
[SourceTitle "EXT 2007"]
[Source "ChessBase"]
[SourceDate "2006.11.23"]
[SourceVersion "1"]
[SourceVersionDate "2006.11.23"]
[SourceQuality "1"]

1. b3 e5 2. Bb2 Nc6 3. c4 Nf6 4. e3 g6 5. g3 Bg7 6. Bg2 d6 7. Ne2 0-0 8. 0-0 Be6 9. d4 exd4 10. Nxd4 Nxd4 11. Bxd4 c6 12. Nd2 d5 13. cxd5 Bxd5 14. Bxd5 Qxd5 15. Rc1 Rad8 16. Rc5 Qd7 17. Qf3 Rfe8 18. Rc2 Qe6 19. Bxa7 Nd5 20. Bc5 b6 21. Bxb6 Nxb6 22. Rxc6 Rd6 23. Rfc1 Rc8 24. Rxc8+ Nxc8 25. Nc4 Rd8 26. Rd1 Rxd1+ 27. Qxd1 Bf6 28. a4 Qc6 29. Qd3 Kg7 30. e4 Qc5 31. Kg2 Ne7 32. a5 Nc6 33. Qd5 Bd4 34. f3 Kf6 35. f4 Ke7 36. Qxc5+ Bxc5 37. Kh3 Nd4 38. Nd2 Kd7 39. Nc4 Nxb3 40. a6 Kc7 41. Kg4 Be7 42. Ne5 f6 43. a7 Kb7 44. Nc6 Bc5 45. e5 Nd4 46. Nxd4 Bxd4 47. e6 Bc5 48. f5 Kxa7 49. fxg6 hxg6 50. h4 Kb7 51. h5 gxh5+ 52. Kxh5 Kc6 53. Kg6 Be7 0-1